Southville International School and Colleges
Your cart is empty.
  • Cart
  • Lists
    Public lists Eva Luna New books Lux_list list_1
    Your lists Log in to create your own lists
  • Log in to your account
  • Your cookies
  • Search history
Southville International School and Colleges
  • Advanced search
  • Recent comments
  • Most popular
  • Libraries

Log in to your account

Log in with GOOGLE


If you do not have an external account, but do have a local account, you can still log in:

  1. Home
  2. MARC view: Principles of economics /
Normal view MARC view ISBD view

Principles of economics / (Record no. 118019)

[ view plain ]
MARC details
000 -LEADER
fixed length control field 00582nam a2200193Ia 4500
003 - CONTROL NUMBER IDENTIFIER
control field SISC
005 - DATE AND TIME OF LATEST TRANSACTION
control field 20160823102537.0
008 - FIXED-LENGTH DATA ELEMENTS--GENERAL INFORMATION
fixed length control field 140609s9999 xx 000 0 und d
020 ## - INTERNATIONAL STANDARD BOOK NUMBER
International Standard Book Number 9789810696306
050 ## - LIBRARY OF CONGRESS CALL NUMBER
Classification number HB 171.5
Item number .C3123 2011
100 ## - MAIN ENTRY--PERSONAL NAME
Personal name Case, Karl E.
245 ## - TITLE STATEMENT
Title Principles of economics /
Statement of responsibility, etc Karl E. Case, Ray C. Fair, Sharon M. Oster.
250 ## - EDITION STATEMENT
Edition statement 10th ed.
260 ## - PUBLICATION, DISTRIBUTION, ETC. (IMPRINT)
Place of publication, distribution, etc Singapore :
Name of publisher, distributor, etc Pearson Education South Asia Pte Ltd.,
Date of publication, distribution, etc 2011.
300 ## - PHYSICAL DESCRIPTION
Extent 813 pages :
Other physical details ill. ;
Dimensions 26 cm.
500 ## - GENERAL NOTE
General note Includes glossary and index.
942 ## - ADDED ENTRY ELEMENTS (KOHA)
Call number prefix Foreign
Koha item type Books
Source of classification or shelving scheme Library of Congress Classification
Holdings
Withdrawn status Lost status Source of classification or shelving scheme Damaged status Home library Current library Shelving location Date acquired Source of acquisition Cost, normal purchase price Total Checkouts Full call number Barcode Date last seen Date checked out Price effective from Koha item type
    Library of Congress Classification   College Library College Library General Circulation Section 06/09/2014 Donation 985.00 1 HB 171.5 .C3123 2011 C18307 02/23/2015 02/17/2015 06/09/2014 Books

Principles of economics /

APA

Case K. E., . (2011). Principles of economics. Singapore: Pearson Education South Asia Pte Ltd.

Chicago

Case Karl E, . 2011. Principles of economics. Singapore: Pearson Education South Asia Pte Ltd.

Harvard

Case K. E., . (2011). Principles of economics. Singapore: Pearson Education South Asia Pte Ltd.

MLA

Case Karl E, . Principles of economics. Singapore: Pearson Education South Asia Pte Ltd. 2011.

  • Place hold
  • Print
  • Cite
  • Add to your cart (remove)
  • Save record
    BIBTEX Dublin Core MARCXML MARC (non-Unicode/MARC-8) MARC (Unicode/UTF-8) MARC (Unicode/UTF-8, Standard) MODS (XML) RIS
  • More searches
    Search for this title in:
    Other Libraries (WorldCat) Other Databases (Google Scholar) Online Stores (Bookfinder.com) Open Library (openlibrary.org)

Exporting to Dublin Core...

SOUTHVILLE LIBRARY

Southville International School and Colleges Library

1281 Tropical Ave. Cor. Luxembourg St., BF Homes International, Las Pinas City

Tel. No. 8256374 / 252358 Loc. 117/146

Powered by Koha